Tous les champions de la Coupe Intertoto de l'UEFA - Statistiques

Statistiques générales
  • Ce quiz a été pris 37 fois
  • Le résultat moyen est 8 sur 31
Statistiques - réponses
Team Times % Correct
Paris Saint-Germain
83%
Olympique Lyonnais
78%
Lille OSC
69%
Olympique Marseille
69%
Bordeaux
56%
AJ Auxerre
47%
Montpellier
44%
Strasbourg
42%
SC Bastia
33%
Troyes
33%
En Avant Guingamp
31%
Aston Villa
28%
Juventus
28%
Lens
25%
Newcastle United
25%
VfB Stuttgart
25%
Schalke 04
19%
Villarreal 2
14%
West Ham United
14%
Udinese
11%
Braga
8%
Málaga
8%
Bologna
6%
Celta Vigo
6%
Fulham
6%
Hamburger SV
6%
Karlsruher SC 1
3%
Perugia
3%
Silkeborg
3%
Valencia
3%
Werder Bremen
3%
Aucun quiz correspondant
Distribution des résultats
% des personnes avec chaque résultat
Percentile par nombre de réponses
Votre historique - résultats
Vous n’avez pas pris ce quiz